A COMPREHENSIVE TB. OF MIDWIFRY & GYNECOLOGICAL NURSING (Record no. 21877)

MARC details
000 -LEADER
fixed length control field 00381nam a22001577a 4500
003 - CONTROL NUMBER IDENTIFIER
control field SGT
020 ## - INTERNATIONAL STANDARD BOOK NUMBER
International Standard Book Number 9789352706785
082 ## - DEWEY DECIMAL CLASSIFICATION NUMBER
Classification number 610.7367
Item number C19J
100 ## - MAIN ENTRY--PERSONAL NAME
Personal name JACOB. ANNAMMA
245 ## - TITLE STATEMENT
Title A COMPREHENSIVE TB. OF MIDWIFRY & GYNECOLOGICAL NURSING
250 ## - EDITION STATEMENT
Edition statement 5TH
260 ## - PUBLICATION, DISTRIBUTION, ETC. (IMPRINT)
Place of publication, distribution, etc INDIA
Name of publisher, distributor, etc JAYPEE PUB
Year of Publication 2019
300 ## - PAGE DESCRIPTION
No. of Pages 768
650 ## - SUBJECT ADDED ENTRY--TOPICAL TERM
Topical term or geographic name as entry element OBSTETRIC NURSING
942 ## - ADDED ENTRY ELEMENTS (KOHA)
Source of classification or shelving scheme Dewey Decimal Classification
Koha item type Books
942 ## - ADDED ENTRY ELEMENTS (KOHA)
-- 99
Holdings
Withdrawn status Lost status Source of classification or shelving scheme Damaged status Not for loan Collection code Home library Current library Shelving location Date acquired Vendor Name Cost, normal purchase price SGTU Bill Number Total Checkouts Full call number Accession No. (Barcode) Date last seen Date last borrowed Bill Date Koha item type Checked out
    Dewey Decimal Classification     NURSING SGT Medical Library SGT Medical Library Text Book 27/09/2021 JAYPEE PUB 1250.00 SGTU N5/INV/-1/2100076 6 610.7367 C19J FN4181 29/11/2024 11/11/2024   Books  
    Dewey Decimal Classification     NURSING SGT Medical Library SGT Medical Library Text Book 27/09/2021 JAYPEE PUB 1250.00 SGTU N5/INV/-1/2100076 19 610.7367 C19J FN4182 24/01/2025 20/01/2025   Books  
    Dewey Decimal Classification     NURSING SGT Medical Library SGT Medical Library Text Book 27/09/2021 JAYPEE PUB 1250.00 SGTU N5/INV/-1/2100076 22 610.7367 C19J FN4183 26/04/2025 26/04/2025   Books  
    Dewey Decimal Classification     NURSING SGT Medical Library SGT Medical Library Text Book 27/09/2021 JAYPEE PUB 1250.00 SGTU N5/INV/-1/2100076 28 610.7367 C19J FN4184 22/05/2026 14/05/2026   Books  
    Dewey Decimal Classification     NURSING SGT Medical Library SGT Medical Library Text Book 27/09/2021 JAYPEE PUB 1250.00 SGTU N5/INV/-1/2100076 37 610.7367 C19J FN4185 26/05/2026 26/05/2026   Books 09/06/2026